000 00332nam a22001457a 4500
003 OSt
005 20220223103323.0
008 220223b |||||||| |||| 00| 0 eng d
020 _a0131433873
040 _cHU
082 _27th
_a692.5
100 _aMarotta
_931253
245 _aBasic Construction Materials
942 _2ddc
_cBOOKS
_n0
999 _c31318
_d31318